书目信息 |
| 题名: |
蔡廷锴自传
|
|
| 作者: | 蔡廷锴 著 | |
| 分册: | 下 | |
| 出版信息: | 北京 人民出版社 2020 |
|
| 页数: | 275-581页 | |
| 开本: | 24cm | |
| 丛书名: | ||
| 单 册: | ||
| 中图分类: | K825.2=72 , K825.2 | |
| 科图分类: | ||
| 主题词: | ||
| 电子资源: | ||
| ISBN: | 978-7-01-021961-5 | |
| 000 | 01111nam0 2200229 450 | |
| 001 | 2052281858 | |
| 005 | 20201203152720.31 | |
| 010 | @a978-7-01-021961-5@dCNY168.00 | |
| 100 | @a20200806d2020 em y0chiy50 ea | |
| 101 | 0 | @achi |
| 102 | @aCN@b110000 | |
| 105 | @ay z 000ya | |
| 200 | 1 | @a蔡廷锴自传@9cai ting kai zi zhuan@b专著@h下@f蔡廷锴著 |
| 210 | @a北京@c人民出版社@d2020 | |
| 215 | @a275-581页@d24cm | |
| 330 | @a本书为蔡廷锴的自传。蔡廷锴早年投身粤军,随北伐军第四军参加北伐,屡立战功。1932年1月,一·二八事变爆发,蔡廷错率领十九路军在上海奋起抗战,击退日本海陆空军多次进攻,迫使日军三易主帅。上海停战后,十九路军被调往福建“剿共”,蔡廷锴、蒋光鼐联合李济深等民主人士策动抗日反蒋的福建事变,并与红军订立停战反蒋协定。福建事变失败后流亡海外。卢沟桥事变爆发后回国参加抗战,抗战胜利后与李济深等民主人士合作,从事和平民主运动,参加新中国的筹建工作。曾任民革中央副主席、全国政协副主席等职。 | |
| 600 | 0 | @a蔡廷锴@f(1892-1968)@x自传 |
| 690 | @aK825.2=72@v5 | |
| 690 | @aK825.2@v4 | |
| 701 | 0 | @a蔡廷锴@9cai ting kai@f(1892-1968)@4著 |
| 801 | 2 | @aCN@b58marc.cn@c20200906 |
| 905 | @aZUCC@dK825.2@e84-2 | |
| 蔡廷锴自传.下/蔡廷锴著.-北京:人民出版社,2020 |
| 275-581页;24cm |
| ISBN 978-7-01-021961-5:CNY168.00 |
| 本书为蔡廷锴的自传。蔡廷锴早年投身粤军,随北伐军第四军参加北伐,屡立战功。1932年1月,一·二八事变爆发,蔡廷错率领十九路军在上海奋起抗战,击退日本海陆空军多次进攻,迫使日军三易主帅。上海停战后,十九路军被调往福建“剿共”,蔡廷锴、蒋光鼐联合李济深等民主人士策动抗日反蒋的福建事变,并与红军订立停战反蒋协定。福建事变失败后流亡海外。卢沟桥事变爆发后回国参加抗战,抗战胜利后与李济深等民主人士合作,从事和平民主运动,参加新中国的筹建工作。曾任民革中央副主席、全国政协副主席等职。 |
| ● |
| 相关链接 |
|
|
|
正题名:蔡廷锴自传
索取号:K825.2/84-2
 
预约/预借
| 序号 | 登录号 | 条形码 | 馆藏地/架位号 | 状态 | 备注 |
| 1 | 2000875511 | 2000875511 | 第二书库/ [索取号:K825.2/84-2] | 在馆 | |
| 2 | 2000875512 | 2000875512 | 第二书库/ [索取号:K825.2/84-2] | 在馆 | |
| 3 | 2000875513 | 2000875513 | 第二书库/ [索取号:K825.2/84-2] | 在馆 |